000 01829nam a2200421Ii 4500
001 DIGABYALA0176
003 NyNyDIG
006 m o d
007 cr |||||||||||
008 220915s2019 ec a ob 000 0 spa d
035 _a(OCoLC)1343908843
040 _aDGITA
_beng
_erda
_epn
_cDGITA
020 _z9789942096647
043 _as-ec---
050 1 4 _aHQ1557 ebook
100 1 _aOrellana Villarreal, María Fernanda,
_d1972-
_eauthor.
245 1 0 _aMujer y conciliación de la vida laboral y familiar :
_bel sector público en Ecuador a partir de la Constitución de 2008 : investigación realizada a las mujeres del Ministerio de Educación, Distrito 5 cantón Quito-provincia de Pichincha /
_cMaría Fernanda Orellana Villarreal.
264 1 _aQuito, Ecuador :
_bAbya Yala,
_c[2019]
300 _a1 online resource :
_billustrations.
336 _atext
_btxt
_2rdacontent
337 _acomputer
_bc
_2rdamedia
338 _aonline resource
_bcr
_2rdacarrier
347 _atext file
_2rdaft
347 _bPDF
504 _aIncludes bibliographical references.
588 0 _aOnline resource; title from PDF title page (Digitalia, viewed September 15, 2022)
650 0 _aWomen
_zEcuador.
650 0 _aWomen
_zEcuador
_xSocial conditions.
650 0 _aWork and family
_zEcuador.
650 0 _aWorking mothers
_zEcuador.
655 0 _aElectronic books.
791 2 _aDigitalia (Firm),
_edistributor.
793 0 _gDigitalia eBook Collection:
_aEdiciones Abya-Yala
776 0 8 _iPrint version:
_aOrellana Villarreal, María Fernanda, 1972-
_tMujer y conciliación de la vida laboral y familiar.
_b1era. edición.
_dQuito, Ecuador : Abya Yala, 2019
_z9789942096647
856 4 0 _3Digitalia Hispánica
_uhttps://www.digitaliapublishing.com/a/107777/
910 _aPremium collection: 2022
942 _cRAA
999 _c271619
_d271619